| 000 | 01137nam a22002777a 4500 | ||
|---|---|---|---|
| 999 |
_c120800 _d120800 |
||
| 003 | dpl | ||
| 005 | 20190301131042.0 | ||
| 008 | 190301b ||||| |||| 00| 0 eng d | ||
| 010 | _aB-073131 | ||
| 020 | _c495.00 | ||
| 035 | _aB-073131, B-073139 | ||
| 037 | _bCen Lib/Ret | ||
| 040 |
_aDPL _bHN _c0 |
||
| 082 |
_a796.092 _bअखिले |
||
| 100 |
_aअखिलेश _9500 |
||
| 245 |
_aविश्व प्रसिद्ध भारतीय खिलाड़ी / _cअखिलेश |
||
| 246 |
_aVishv prasidh bharteey khiladi / _bby Akhilesh |
||
| 260 |
_aदिल्ली _bअभिमन्यु प्रकाशन _c2001 |
||
| 270 |
_bदिल्ली _aसी-19, सी.सी.कॉलोनी _e100007 |
||
| 300 |
_a444पृ. _c20सेमी(सजिल्द) |
||
| 650 |
_aभारत -- प्रसिद्ध खिलाड़ी _94881 |
||
| 650 |
_aभारत -- खिलाड़ी -- जीवनी _92817 |
||
| 650 |
_aIndia - Famous Players _992674 |
||
| 650 |
_aIndia - player - biography _992675 |
||
| 942 |
_2ddc _cHN _h796.092 _mअखिले |
||